ਰੰਡੀ ਦੀ ਧੀ / (Record no. 48720)

MARC details
000 -LEADER
fixed length control field 02266nam a22003497a 4500
005 - DATE AND TIME OF LATEST TRANSACTION
control field 20090825120337.0
008 - FIXED-LENGTH DATA ELEMENTS--GENERAL INFORMATION
fixed length control field 090728t xxu||||| |||| 00| 0 pun d
010 ## - LCCN (DPL NO)
LC control number PUN-6486 B-425745-749
020 ## - INTERNATIONAL STANDARD BOOK NUMBER
International Standard Book Number 9788171165421
Terms of availability 170.00
035 ## - SYSTEM CONTROL NUMBER
System control number PN-5604
035 ## - SYSTEM CONTROL NUMBER
System control number B-425745-749
037 ## - SOURCE OF ACQUISITION
Source of stock number/acquisition DBAD / PUB
037 ## - SOURCE OF ACQUISITION
Source of stock number/acquisition K.K.Publications(Vendor)
040 ## - CATALOGING SOURCE
Original cataloging agency dpl
Language of cataloging pn
082 ## - DEWEY DECIMAL CLASSIFICATION NUMBER
Classification number
100 ## - MAIN ENTRY--PERSONAL NAME
Personal name ਸਾਕੀ.,ਐਸ
9 (RLIN) 24414
245 ## - TITLE STATEMENT
Title ਰੰਡੀ ਦੀ ਧੀ /
Statement of responsibility, etc ਐਸ. ਸਾਕੀ
246 ## - VARYING FORM OF TITLE
Title proper/short title Randi di dhee
Remainder of title by S. Saki
260 ## - PUBLICATION, DISTRIBUTION, ETC. (IMPRINT)
Place of publication, distribution, etc ਦਿੱਲੀ
Name of publisher, distributor, etc ਨੈਸ਼ਨਲ ਬੁੱਕ ਸ਼ਾਪ
Date of publication, distribution, etc 2010
270 ## - ADDRESS
Address ਪਲੱਈਅਰ ਗਾਰਡਨ ਮਾਰਕਿਟ, ਚਾਂਦਨੀ ਚੋਕ,
City ਦਿੱਲੀ
Telephone number 011-23264342, 64529291
Electronic mail address nbs-bookshop@rediff mail.com.
Postal code 110 006
300 4# - PHYSICAL DESCRIPTION
Extent 135 ਸਫੇ
Dimensions 22 ਸੇਮੀ (ਸਜਿਲੱਦ)
650 ## - SUBJECT ADDED ENTRY--TOPICAL TERM
Topical term or geographic name as entry element ਓਪਨਿਯਾਸ
9 (RLIN) 24411
650 ## - SUBJECT ADDED ENTRY--TOPICAL TERM
Topical term or geographic name as entry element Novel
9 (RLIN) 24412
942 ## - ADDED ENTRY ELEMENTS (KOHA)
Source of classification or shelving scheme Dewey Decimal Classification
Item type Punjabi Bks
Classification part
Call number suffix ਸਾਕੀਐ
Holdings
Withdrawn status Lost status Source of classification or shelving scheme Damaged status Not for loan Collection code Home library Current library Date acquired Source of acquisition Cost, normal purchase price Total Checkouts Full call number Barcode Date last seen Copy number Cost, replacement price Koha item type
    Dewey Decimal Classification     Fiction Central Library Central Library 13/04/2011 K.K.Publications/121/11.3.11/77/4.3.11/28.311 170.00 3 ਓ ਸਾਕੀਐ B-425745 01/04/2024 1 170.00 Punjabi Bks
    Dewey Decimal Classification     Fiction D.B.Act.Division D.B.Act.Division 22/11/2010 DBAD/PUB 170.00   ਓ ਸਾਕੀਐ PN-5604 22/11/2010 1 170.00 Punjabi Bks
    Dewey Decimal Classification     Fiction Karol Bagh Karol Bagh 13/04/2011 K.K.Publications/121/11.3.11/77/4.3.11/28.311 170.00   ਓ ਸਾਕੀਐ B-425748 13/04/2011 1 170.00 Punjabi Bks
    Dewey Decimal Classification     Fiction Patel Nagar Patel Nagar 13/04/2011 K.K.Publications/121/11.3.11/77/4.3.11/28.311 170.00   ਓ ਸਾਕੀਐ B-425746 13/04/2011 1 170.00 Punjabi Bks
    Dewey Decimal Classification     Fiction Sarojini Nagar Sarojini Nagar 13/04/2011 K.K.Publications/121/11.3.11/77/4.3.11/28.311 170.00   ਓ ਸਾਕੀਐ B-425747 13/04/2011 1 170.00 Punjabi Bks
    Dewey Decimal Classification     Fiction Shahdara Branch Shahdara Branch 13/04/2011 K.K.Publications/121/11.3.11/77/4.3.11/28.311 170.00   ਓ ਸਾਕੀਐ B-425749 13/04/2011 1 170.00 Punjabi Bks

© Delhi Public Library
Hit Counter
free hit counter